<?xml version="1.0" encoding="UTF-8"?>
<record
    xmlns:xsi="http://www.w3.org/2001/XMLSchema-instance"
    xsi:schemaLocation="http://www.loc.gov/MARC21/slim http://www.loc.gov/standards/marcxml/schema/MARC21slim.xsd"
    xmlns="http://www.loc.gov/MARC21/slim">

  <leader>00517nam a2200157   4500</leader>
  <datafield tag="999" ind1=" " ind2=" ">
    <subfield code="c">122155</subfield>
    <subfield code="d">122155</subfield>
  </datafield>
  <controlfield tag="005">20210430120036.0</controlfield>
  <controlfield tag="008">210430b           ||||| |||| 00| 0 eng d</controlfield>
  <datafield tag="040" ind1=" " ind2=" ">
    <subfield code="c">PK-LaUMT</subfield>
  </datafield>
  <datafield tag="082" ind1=" " ind2=" ">
    <subfield code="a">RHC 891.4393</subfield>
    <subfield code="b">NAZ-K</subfield>
  </datafield>
  <datafield tag="100" ind1=" " ind2=" ">
    <subfield code="a">Nazir Ahmad, Muhammad = &#x646;&#x632;&#x6CC;&#x631; &#x627;&#x62D;&#x645;&#x62F;&#x60C; &#x645;&#x62D;&#x645;&#x62F;</subfield>
  </datafield>
  <datafield tag="245" ind1=" " ind2=" ">
    <subfield code="a">Kitab tobah tunnusu =  &#x6A9;&#x62A;&#x627;&#x628; &#x62A;&#x648;&#x628;&#x6C3; &#x627;&#x644;&#x646;&#x635;&#x648;&#x62D; /</subfield>
    <subfield code="c">by Muhammad Nazir Ahmad = &#x627;&#x632; &#x645;&#x62D;&#x645;&#x62F; &#x646;&#x632;&#x6CC;&#x631; &#x627;&#x62D;&#x645;&#x62F;</subfield>
  </datafield>
  <datafield tag="260" ind1=" " ind2=" ">
    <subfield code="a">Aagrah :</subfield>
    <subfield code="b">Mutbah Mufeed Aam,</subfield>
    <subfield code="c">1874</subfield>
  </datafield>
  <datafield tag="300" ind1=" " ind2=" ">
    <subfield code="a">276 p.</subfield>
  </datafield>
  <datafield tag="500" ind1=" " ind2=" ">
    <subfield code="a">P. copy</subfield>
  </datafield>
  <datafield tag="942" ind1=" " ind2=" ">
    <subfield code="c">BK</subfield>
  </datafield>
  <datafield tag="952" ind1=" " ind2=" ">
    <subfield code="0">0</subfield>
    <subfield code="1">0</subfield>
    <subfield code="4">0</subfield>
    <subfield code="7">0</subfield>
    <subfield code="a">01</subfield>
    <subfield code="b">01</subfield>
    <subfield code="d">2021-04-30</subfield>
    <subfield code="l">0</subfield>
    <subfield code="o">RHC 891.4393 NAZ-K</subfield>
    <subfield code="p">137529</subfield>
    <subfield code="r">2021-04-30 00:00:00</subfield>
    <subfield code="w">2021-04-30</subfield>
    <subfield code="y">BK</subfield>
  </datafield>
</record>
